| 000 | 00789nam a2200217 a 4500 | ||
|---|---|---|---|
| 001 | BRCA_7608 | ||
| 005 | 20190320205917.0 | ||
| 008 | 041108s2013----mx-a######---#000-0#spa-# | ||
| 041 | _aspa | ||
| 044 | _amx | ||
| 050 | 4 |
_aND1329.3 _b.V53 2013 |
|
| 245 | 1 | 0 |
_aVida conventual femenina _b(siglos XVI-XIX) _cManuel Ramos Medina, compilador. |
| 260 |
_aMéxico _bCentro de Estudios de Historia de México Carso, Fundación Carlos Slim _c2013 |
||
| 300 |
_a522 p. _bil. _c22 cm. |
||
| 504 | _aIncluye referencias bibliográficas | ||
| 650 | 1 | 4 |
_aMonjas coronadas _xEn la pintura _ySiglo XVI-XIX _918757 |
| 650 | 1 | 4 |
_aPintura religiosa _xBarroco _zAmérica Latina _93945 |
| 650 | 1 | 4 |
_aVida social y religiosa _zAmérica Latina _93946 |
| 700 | 1 |
_aRamos Medina, Manuel _ecomp. _918758 |
|
| 942 |
_2lcc _cB |
||
| 999 |
_c7282 _d7282 |
||